[Event "SR 3. liga A2 2017/2018"]
[Site "?"]
[Date "2017.12.03"]
[Round "5.3"]
[White "Minarik, Jozef"]
[Black "Vach, Jozef"]
[Result "1/2-1/2"]
[WhiteElo "1386"]
[BlackElo "1685"]
[PlyCount "130"]
[EventDate "2017.??.??"]

1. e4 e5 2. Nf3 Nc6 3. d4 d6 4. dxe5 Bg4 5. exd6 Bxd6 6. Be2 Nf6 7. Nc3 Qe7 8.
Bg5 h6 9. Bxf6 Qxf6 10. O-O O-O 11. h3 Bh5 12. Nh2 Rad8 13. Qb1 Bxe2 14. Nxe2
Qe5 15. Ng3 Qc5 16. Nf5 Bxh2+ 17. Kxh2 Rd7 18. Ne3 Qe5+ 19. Kg1 Qxe4 20. Rd1
Rfd8 21. Rxd7 Rxd7 22. Qe1 Rd8 23. Rd1 Re8 24. Qc3 Qe6 25. a3 Rc8 26. Qc4 Qxc4
27. Nxc4 Re8 28. Rd7 Re7 29. Rxe7 Nxe7 30. Ne3 c6 31. Kf1 Kf8 32. Ke2 Ke8 33.
Kd3 Kd7 34. Kd4 b6 35. b4 Ke6 36. c4 f5 37. f4 g5 38. fxg5 hxg5 39. g3 Ng6 40.
Ng2 Ne5 41. h4 f4 42. hxg5 fxg3 43. c5 b5 44. Ke4 Ng6 45. Ne3 Nh4 46. g6 Nxg6
47. Kf3 Ne7 48. Kxg3 Nf5+ 49. Nxf5 Kxf5 50. Kf3 Ke5 51. Ke3 a6 52. Kd2 Kd4 53.
Kc2 Kc4 54. Kb2 Kd4 55. Kc2 a5 56. bxa5 Kxc5 57. Kc3 Kd6 58. Kb4 Kc7 59. Kc5
Kb7 60. a6+ Ka7 61. Kd6 Kxa6 62. Kxc6 Ka5 63. Kc5 Ka4 64. Kb6 b4 65. axb4 Kxb4
1/2-1/2

[Event "SR 3. liga A2 2017/2018"]
[Site "?"]
[Date "2017.12.03"]
[Round "5.4"]
[White "Banas, Jan"]
[Black "Danada, Tomas"]
[Result "0-1"]
[WhiteElo "2207"]
[BlackElo "2233"]
[PlyCount "88"]
[EventDate "2017.??.??"]

1. c4 e5 2. Nc3 Bb4 3. Nd5 a5 4. Qb3 Nc6 5. Qg3 Kf8 6. e3 Nf6 7. Qh4 Nxd5 8.
Qxd8+ Nxd8 9. cxd5 c6 10. dxc6 bxc6 11. Nf3 e4 12. Nd4 Ne6 13. Nxe6+ fxe6 14.
a3 Bd6 15. d3 exd3 16. Bxd3 Ba6 17. Bxa6 Rxa6 18. Bd2 Be5 19. Rb1 Ke7 20. Bc3
Bxc3+ 21. bxc3 Raa8 22. Kd2 Rab8 23. Kc2 d5 24. Rhd1 Kd6 25. Rxb8 Rxb8 26. Rd4
Kc5 27. Rh4 h6 28. Rg4 Rb7 29. Rf4 e5 30. Rf5 Kc4 31. Rxe5 Rb3 32. Rh5 Rxc3+
33. Kb2 Rb3+ 34. Ka2 Kc3 35. e4 Rb2+ 36. Ka1 d4 37. Rc5+ Kb3 38. Rxc6 Rxf2 39.
Rb6+ Kc3 40. Rc6+ Kd2 41. Kb2 Ke3+ 42. Kb3 d3 43. e5 d2 44. Rd6 Ke2 0-1

[Event "SR 3. liga A2 2017/2018"]
[Site "?"]
[Date "2017.12.03"]
[Round "5.4"]
[White "Travnicek, Petr"]
[Black "Kovacocy, Pavol"]
[Result "1/2-1/2"]
[WhiteElo "2103"]
[BlackElo "2257"]
[PlyCount "80"]
[EventDate "2017.??.??"]

1. d4 g6 2. c4 Bg7 3. Nc3 c5 4. d5 Bxc3+ 5. bxc3 f5 6. Nf3 Qa5 7. Qb3 Nf6 8.
Bf4 d6 9. e3 Nbd7 10. Bd3 Nb6 11. O-O Bd7 12. Nd2 O-O-O 13. e4 fxe4 14. Nxe4
Nxe4 15. Bxe4 Ba4 16. Qb2 Nxc4 17. Qe2 Nb6 18. Rab1 Kb8 19. Bd2 Nc8 20. Rb2 Qc7
21. Rfb1 b6 22. Qc4 Bd7 23. a4 Bf5 24. Bxf5 gxf5 25. a5 Rd7 26. Qa4 Qd8 27. c4
Rb7 28. Qb5 Qd7 29. Qb3 Rg8 30. Qe3 Rg4 31. f4 Qe8 32. Qe6 Qg6 33. Qxg6 Rxg6
34. a6 Rd7 35. Re1 e6 36. Bc3 exd5 37. cxd5 Ne7 38. Ree2 Kc7 39. Kf2 Rg8 40.
Bf6 Nc8 1/2-1/2

[Event "SR 3. liga A2 2017/2018"]
[Site "?"]
[Date "2017.12.03"]
[Round "5.4"]
[White "Cechovic, Stefan"]
[Black "Danada, Ondrej"]
[Result "1/2-1/2"]
[WhiteElo "2123"]
[BlackElo "1859"]
[PlyCount "46"]
[EventDate "2017.??.??"]

1. Nf3 Nc6 2. d4 d5 3. e3 Nf6 4. c4 Bf5 5. cxd5 Nxd5 6. a3 e6 7. Bb5 Bd6 8.
Nbd2 Bg6 9. Nc4 O-O 10. O-O Nde7 11. Nxd6 cxd6 12. Bd3 d5 13. Bxg6 Nxg6 14. Bd2
Qb6 15. Bc3 Qb5 16. Re1 Nge7 17. Qe2 Qxe2 18. Rxe2 b5 19. Rc2 a5 20. Bd2 Rfc8
21. Rc5 b4 22. Kf1 b3 23. Rac1 f6 1/2-1/2

[Event "SR 3. liga A2 2017/2018"]
[Site "?"]
[Date "2017.12.03"]
[Round "5.4"]
[White "Brunovsky, Peter"]
[Black "Sarmir, Milos"]
[Result "0-1"]
[WhiteElo "1847"]
[BlackElo "2083"]
[PlyCount "96"]
[EventDate "2017.??.??"]

1. d4 Nf6 2. Bf4 e6 3. e3 d5 4. Nd2 Bd6 5. Bg3 c6 6. c3 b6 7. Bd3 Bb7 8. Ngf3
Qc7 9. Ne5 Nbd7 10. Ndf3 Ne4 11. Nxd7 Nxg3 12. hxg3 Kxd7 13. Qe2 h6 14. Ba6 b5
15. Bxb7 Qxb7 16. e4 a5 17. O-O a4 18. a3 Rab8 19. Rfe1 Qc7 20. exd5 cxd5 21.
Rad1 Ke7 22. Nh4 Kd7 23. Nf3 g5 24. Ne5+ Bxe5 25. dxe5 Qc5 26. Rd4 h5 27. Qf3
Qe7 28. Rb4 g4 29. Qe2 Qc5 30. Rd1 Ke7 31. Rdd4 Rh6 32. Qd2 Rg6 33. Qd3 Rg5 34.
Qe3 Rf5 35. Qe2 Kd7 36. Rf4 Rxf4 37. Rxf4 Ke7 38. Rb4 Qc7 39. Qe3 f6 40. exf6+
Kxf6 41. Qh6+ Ke7 42. Qxh5 Qc5 43. Qxg4 Rf8 44. Qd4 Kd6 45. Kf1 e5 46. Qxc5+
Kxc5 47. Ke2 e4 48. f4 Rg8 {biely cas} 0-1

[Event "SR 3. liga A2 2017/2018"]
[Site "?"]
[Date "2017.12.03"]
[Round "5.4"]
[White "Bohunicky, Ivan"]
[Black "Zajicek, Ferdinand"]
[Result "1/2-1/2"]
[WhiteElo "1937"]
[BlackElo "1768"]
[PlyCount "38"]
[EventDate "2017.??.??"]

1. d4 c5 2. Nf3 cxd4 3. Nxd4 Nc6 4. g3 Nf6 5. Bg2 g6 6. O-O Bg7 7. c3 O-O 8.
Na3 d5 9. Bg5 e6 10. Nac2 Qb6 11. Nb3 Qd8 12. Ncd4 Qc7 13. Rc1 Nxd4 14. cxd4
Qb6 15. Bf4 Bd7 16. Bc7 Qb5 17. Rc5 Qa6 18. Ra5 Qc6 19. Rc5 Qa6 1/2-1/2

[Event "SR 3. liga A2 2017/2018"]
[Site "?"]
[Date "2017.12.03"]
[Round "5.4"]
[White "Takacs, Zsolt"]
[Black "Vlkovic, Pavol"]
[Result "1-0"]
[WhiteElo "1765"]
[BlackElo "1786"]
[PlyCount "79"]
[EventDate "2017.??.??"]

1. e4 Nf6 2. e5 Nd5 3. Nf3 d6 4. exd6 cxd6 5. Bb5+ Nc6 6. O-O a6 7. Bxc6+ bxc6
8. h3 g6 9. d3 Bg7 10. c4 Nf6 11. Nc3 O-O 12. b3 Nd5 13. cxd5 Bxc3 14. Bh6 cxd5
15. Rc1 Bg7 16. Bxg7 Kxg7 17. d4 Bd7 18. Re1 f6 19. Qd3 Bf5 20. Qc3 Rc8 21. Qb4
Qd7 22. Rxc8 Rxc8 23. Qa5 Qb7 24. g4 Be4 25. Nd2 e5 26. Qa3 Rc2 27. Nxe4 dxe4
28. Qxd6 e3 29. Rxe3 Rc1+ 30. Kh2 Qh1+ 31. Kg3 Rg1+ 32. Kh4 g5+ 33. Kh5 Qb7 34.
Qe6 Rxg4 35. Kxg4 Qg2+ 36. Kf5 Qxf2+ 37. Ke4 Qf4+ 38. Kd3 Qxd4+ 39. Ke2 Qb2+
40. Kf3 1-0

[Event "SR 3. liga A2 2017/2018"]
[Site "?"]
[Date "2017.12.03"]
[Round "5.4"]
[White "Kavuljak, Alojz"]
[Black "Kastler, Peter"]
[Result "0-1"]
[WhiteElo "1704"]
[BlackElo "1731"]
[PlyCount "94"]
[EventDate "2017.??.??"]

1. e4 e6 2. Nf3 d5 3. exd5 exd5 4. d4 Nf6 5. Bd3 Bd6 6. h3 O-O 7. O-O Re8 8.
Re1 h6 9. Rxe8+ Qxe8 10. Qe2 Qxe2 11. Bxe2 Bf5 12. c3 Nbd7 13. Nbd2 Re8 14. Kf1
Nf8 15. Ng1 Ne6 16. Ndf3 Nf4 17. Be3 Nxe2 18. Nxe2 Bd3 19. Ke1 Nh5 20. g3 f5
21. h4 Bxe2 22. Kxe2 f4 23. gxf4 Nxf4+ 24. Kd2 Ng2 25. Rg1 Nxe3 26. fxe3 Rf8
27. Ke2 Kf7 28. Rg4 Re8 29. Kd3 g6 30. b3 Kf6 31. c4 c6 32. e4 dxe4+ 33. Rxe4
Rxe4 34. Kxe4 g5 35. hxg5+ hxg5 36. c5 Bc7 37. Ne5 Bxe5 38. dxe5+ Ke6 39. b4 g4
40. Kf4 g3 41. Kxg3 Kxe5 42. Kf3 Kd4 43. Kf4 Kc4 44. a3 Kb3 45. Ke5 Kxa3 46. b5
cxb5 47. Kd6 Kb4 0-1

[Event "SR 3. liga A2 2017/2018"]
[Site "?"]
[Date "2017.12.03"]
[Round "5.4"]
[White "Kanka, Tomas"]
[Black "Prigoda, Lubos"]
[Result "1-0"]
[WhiteElo "1702"]
[BlackElo "1549"]
[PlyCount "95"]
[EventDate "2017.??.??"]

1. e4 c5 2. c3 Nc6 3. Nf3 e6 4. Be2 Nf6 5. Qc2 d5 6. d3 e5 7. Bg5 d4 8. O-O Be7
9. Nbd2 h6 10. Bh4 O-O 11. h3 Be6 12. Rfc1 b6 13. Qa4 Qc7 14. cxd4 exd4 15.
Nxd4 Nxd4 16. Qxd4 g5 17. Qe3 gxh4 18. Qxh6 Nh7 19. f4 Qd6 20. e5 Qd4+ 21. Kh1
Qxb2 22. Bf3 Qxd2 23. Be4 f5 24. exf6 Rxf6 25. Qxh7+ Kf8 26. Qh8+ Kf7 27. Qh7+
Kf8 28. Bxa8 Qxf4 29. Rf1 Qxf1+ 30. Rxf1 Rxf1+ 31. Kh2 Bd6+ 32. g3 hxg3+ 33.
Kg2 Rf2+ 34. Kg1 Rxa2 35. Qh8+ Ke7 36. Bc6 Bf7 37. Qh4+ Ke6 38. Qe4+ Kf6 39.
Qh4+ Kg7 40. Qg5+ Kh8 41. Qd8+ Kg7 42. Qxd6 Ra1+ 43. Kg2 Rd1 44. Qxg3+ Bg6 45.
Be4 Rd2+ 46. Kf1 Kf6 47. Qxg6+ Ke5 48. Qg5+ 1-0

[Event "SR 3. liga A2 2017/2018"]
[Site "?"]
[Date "2017.12.03"]
[Round "5.5"]
[White "Kalmar, Tamas"]
[Black "Hecko, Dusan"]
[Result "1/2-1/2"]
[WhiteElo "2095"]
[BlackElo "2092"]
[PlyCount "88"]
[EventDate "2017.??.??"]

1. d4 Nf6 2. c4 d6 3. Nc3 Nbd7 4. e4 e5 5. d5 Be7 6. f3 O-O 7. Be3 c6 8. Qd2
Re8 9. Bd3 Qc7 10. Nge2 Nf8 11. g4 Ng6 12. Bf2 h6 13. h4 Nh7 14. O-O-O Qd8 15.
Qe1 Bd7 16. Kb1 a6 17. h5 Ngf8 18. Ng3 c5 19. Nf5 Ng5 20. Qe2 Nfh7 21. Be3 Qa5
22. Nxe7+ Rxe7 23. Bd2 Qd8 24. Rde1 Qe8 25. b3 f6 26. Kb2 Nf7 27. Ra1 Nhg5 28.
Be3 Qb8 29. Kc2 Be8 30. a4 a5 31. Raf1 Bd7 32. Qf2 b6 33. Bd2 Qc7 34. Nd1 Rf8
35. Ne3 Qd8 36. Qg3 Ree8 37. Ng2 Qc8 38. Nh4 Rd8 39. Rhg1 Rfe8 40. Ng6 Qc7 41.
Re1 Bc8 42. Qg2 Nh8 43. Nh4 Re7 44. Qg3 Ngf7 1/2-1/2

[Event "SR 3. liga A2 2017/2018"]
[Site "?"]
[Date "2017.12.03"]
[Round "5.5"]
[White "Pericka, Tomas"]
[Black "Merva, Frantisek"]
[Result "0-1"]
[WhiteElo "2025"]
[BlackElo "2063"]
[PlyCount "54"]
[EventDate "2017.??.??"]

1. e4 c6 2. d4 d5 3. e5 Bf5 4. Nc3 e6 5. g4 Bg6 6. Nge2 c5 7. Nf4 cxd4 8. Nb5
a6 9. Nxd4 Qc7 10. h4 Qxe5+ 11. Be3 Nc6 12. c3 Nf6 13. Qa4 Qc7 14. h5 Be4 15.
f3 Nxg4 16. Bd2 Bd6 17. Nb5 axb5 18. Qxa8+ Ke7 19. Qxh8 Bxf4 20. O-O-O Bxf3 21.
Rg1 Bxd1 22. Kxd1 Nf2+ 23. Kc2 Bxd2 24. Kxd2 Qf4+ 25. Kc2 Qe4+ 26. Kc1 Qe1+ 27.
Kc2 Qd1# 0-1

[Event "SR 3. liga A2 2017/2018"]
[Site "?"]
[Date "2017.12.03"]
[Round "5.5"]
[White "Csuri, Szilveszter"]
[Black "Diviak, Rastislav"]
[Result "0-1"]
[WhiteElo "1971"]
[BlackElo "1956"]
[PlyCount "90"]
[EventDate "2017.??.??"]

1. e4 d6 2. d4 Nf6 3. Nc3 g6 4. Bf4 Bg7 5. Be2 O-O 6. Qd2 c6 7. f3 Qa5 8. Bh6
Nbd7 9. g4 b5 10. h4 b4 11. Nd1 c5 12. Bxg7 Kxg7 13. h5 Ba6 14. Bxa6 Qxa6 15.
hxg6 fxg6 16. Qh6+ Kg8 17. g5 Nh5 18. dxc5 Ne5 19. Rxh5 gxh5 20. Ne3 b3 21.
Qe6+ Kh8 22. Qxb3 Qa5+ 23. c3 Qxc5 24. Ke2 Rab8 25. Qc2 Qb5+ 26. Kf2 Nd3+ 27.
Kf1 Qxb2 28. Rd1 Qxc2 29. Nxc2 Rb2 30. Rxd3 Rxc2 31. a4 Rb8 32. Ne2 Rb1+ 33.
Kf2 Rbb2 34. Re3 h4 35. f4 h3 36. Rxh3 Rxe2+ 37. Kf3 Rh2 38. Rg3 Rbc2 39. Kg4
Rhg2 40. Rxg2 Rxg2+ 41. Kf5 Kg7 42. Ke6 Kf8 43. c4 Re2 44. Kd5 Rd2+ 45. Ke6 Rd4
0-1

[Event "SR 3. liga A2 2017/2018"]
[Site "?"]
[Date "2017.12.03"]
[Round "5.5"]
[White "Jarabek, Milan"]
[Black "Vegh, Vince"]
[Result "1-0"]
[WhiteElo "1745"]
[BlackElo "1929"]
[PlyCount "67"]
[EventDate "2017.??.??"]

1. e4 c5 2. Nf3 Nc6 3. g3 g6 4. Bg2 Bg7 5. O-O e6 6. Re1 d6 7. c3 Nge7 8. d4
O-O 9. Be3 cxd4 10. cxd4 b6 11. Nc3 Bb7 12. Qd2 Rc8 13. Bh6 Qd7 14. Bxg7 Kxg7
15. Rad1 a6 16. Qf4 b5 17. e5 d5 18. Qf6+ Kg8 19. h4 Nf5 20. g4 Ng7 21. Qg5 Qe7
22. Qh6 Ne8 23. Ng5 f6 24. exf6 Rxf6 25. Nxd5 Qg7 26. Qxg7+ Kxg7 27. Nxf6 Nxf6
28. Nxe6+ Kh8 29. d5 Na5 30. d6 Nd7 31. Bxb7 Nxb7 32. Rc1 Re8 33. Nc7 Rd8 34.
Re8+ 1-0

[Event "SR 3. liga A2 2017/2018"]
[Site "?"]
[Date "2017.12.03"]
[Round "5.5"]
[White "Feher, Tibor"]
[Black "Diviak, Rudolf"]
[Result "1-0"]
[WhiteElo "1812"]
[BlackElo "1779"]
[PlyCount "39"]
[EventDate "2017.??.??"]

1. e4 d6 2. Nf3 g6 3. Nc3 Bg7 4. Bb5+ c6 5. Bc4 Nf6 6. O-O b5 7. Bb3 b4 8. e5
bxc3 9. exf6 Bxf6 10. dxc3 O-O 11. Bh6 Bg7 12. Bxg7 Kxg7 13. Re1 Bg4 14. Qd4+
e5 15. Qxg4 f5 16. Qg5 Rf6 17. Rad1 Nd7 18. Qd2 Nc5 19. Nxe5 Qb6 20. Nc4 1-0

[Event "SR 3. liga A2 2017/2018"]
[Site "?"]
[Date "2017.12.03"]
[Round "5.5"]
[White "Skapik, Branislav"]
[Black "Meszaros, Lorant"]
[Result "0-1"]
[WhiteElo "1800"]
[BlackElo "1952"]
[PlyCount "134"]
[EventDate "2017.??.??"]

1. c4 Nf6 2. Nc3 c5 3. g3 g6 4. Bg2 Bg7 5. Nf3 Nc6 6. d3 d6 7. O-O O-O 8. Bd2
h6 9. a3 Rb8 10. Rb1 a5 11. Nb5 Bd7 12. d4 cxd4 13. Nfxd4 Nxd4 14. Nxd4 e5 15.
Nb3 a4 16. Na5 e4 17. Bb4 b6 18. Bxd6 bxa5 19. Bxb8 Qxb8 20. b4 axb3 21. Rxb3
Qc7 22. Qd4 Re8 23. Rc1 Ng4 24. Qd5 Bc6 25. Qc5 Bf8 26. Qd4 Ba4 27. Qb6 Qxb6
28. Rxb6 Bc5 29. Ra6 Bxf2+ 30. Kf1 Be3 31. Rxa5 Bxc1 32. Rxa4 Ne3+ 33. Kf2 Nxg2
34. Kxg2 Be3 35. Rb4 Ra8 36. a4 f5 37. h3 Kf7 38. g4 Kf6 39. gxf5 gxf5 40. h4
Ra6 41. Kh3 Bd2 42. Rb2 Bf4 43. Rb4 Bd6 44. Rb7 Rxa4 45. Rb6 Ke5 46. Rb5+ Kf4
47. c5 Be7 48. c6 Rc4 49. Rb7 Rc3+ 50. Kg2 Bxh4 51. c7 Rc5 52. Ra7 Bf6 53. Ra6
Be5 54. Rxh6 Bxc7 55. Kf2 e3+ 56. Kf1 Ke4 57. Ra6 Rc1+ 58. Kg2 Be5 59. Ra4+ Bd4
60. Ra8 Re1 61. Ra2 Ra1 62. Rc2 Rb1 63. Rc8 Rb2 64. Kf1 Rb1+ 65. Kg2 Re1 66.
Rc2 Kd5 67. Kf3 Rf1+ 0-1

[Event "SR 3. liga A2 2017/2018"]
[Site "?"]
[Date "2017.12.03"]
[Round "5.5"]
[White "Sarkozi, Szabolcs"]
[Black "Pericka, Pavol"]
[Result "0-1"]
[WhiteElo "1744"]
[BlackElo "1786"]
[PlyCount "70"]
[EventDate "2017.??.??"]

1. e4 e5 2. Nf3 Nc6 3. Bb5 a6 4. Ba4 Be7 5. O-O b5 6. Bb3 Nf6 7. Re1 O-O 8. c3
d5 9. exd5 Nxd5 10. Nxe5 Nxe5 11. Rxe5 Nf6 12. d4 Bd6 13. Re1 Ng4 14. h3 Qh4
15. Qf3 h5 16. Rf1 Be6 17. Bf4 Nf6 18. Bxd6 cxd6 19. Nd2 Qg5 20. Rad1 d5 21.
Bc2 Qh6 22. Nb3 g5 23. Qe3 h4 24. Nc5 Rae8 25. Qd2 Bc8 26. Rfe1 Qg7 27. Rxe8
Nxe8 28. Re1 g4 29. hxg4 Bxg4 30. Qf4 h3 31. g3 h2+ 32. Kh1 f5 33. Ne6 Qh8 34.
Qg5+ Ng7 35. Nxf8 Bf3# 0-1

[Event "SR 3. liga A2 2017/2018"]
[Site "?"]
[Date "2017.12.03"]
[Round "5.5"]
[White "Ulehla, Jakub"]
[Black "Both, Lajos"]
[Result "0-1"]
[WhiteElo "1730"]
[BlackElo "1763"]
[PlyCount "122"]
[EventDate "2017.??.??"]

1. e4 d5 2. exd5 Nf6 3. Nc3 Nxd5 4. Bc4 Nxc3 5. dxc3 Qxd1+ 6. Kxd1 Bg4+ 7. f3
Bh5 8. Bf4 c6 9. Ne2 Nd7 10. Ke1 e5 11. Be3 Nb6 12. Bb3 Nd5 13. Bf2 Be7 14. Rd1
O-O-O 15. Bxa7 Rd7 16. Bxd5 cxd5 17. Bb6 Bg6 18. Kf2 Bg5 19. Be3 Bxe3+ 20. Kxe3
Bxc2 21. Rd2 Ba4 22. b3 Bc6 23. Rhd1 f5 24. Kf2 g5 25. a4 Rhd8 26. g3 b6 27.
Ke3 f4+ 28. gxf4 gxf4+ 29. Kf2 Rg7 30. Rg1 Rdg8 31. Rxg7 Rxg7 32. Rd1 Kd7 33.
Ra1 Kd6 34. Re1 Bd7 35. Ng1 Bf5 36. Rd1 Bc2 37. Ra1 Bxb3 38. a5 bxa5 39. Rxa5
Bc4 40. Nh3 h6 41. Ra8 Bb5 42. Rh8 Rg6 43. Rb8 Kc5 44. Rb7 Re6 45. Rc7+ Bc6 46.
Ng1 Kb6 47. Rc8 Kb7 48. Rd8 Kc7 49. Rf8 Kb6 50. Rb8+ Kc5 51. Ne2 Kc4 52. Rb4+
Kd3 53. Ke1 Rg6 54. Rb2 d4 55. cxd4 exd4 56. Rb3+ Kc4 57. Ra3 Re6 58. Kf2 Re3
59. Rxe3 fxe3+ 60. Kg2 d3 61. Ng1 d2 0-1

[Event "SR 3. liga A2 2017/2018"]
[Site "?"]
[Date "2017.12.03"]
[Round "5.6"]
[White "Mosny, Jaroslav"]
[Black "Malar, Pavol"]
[Result "1/2-1/2"]
[WhiteElo "1894"]
[BlackElo "2068"]
[PlyCount "39"]
[EventDate "2017.??.??"]

1. d4 e6 2. g3 f5 3. Bg2 Nf6 4. c4 Be7 5. Nf3 O-O 6. O-O d6 7. Nc3 Qe8 8. Qc2
Nc6 9. e4 fxe4 10. Nxe4 Nxe4 11. Qxe4 Bf6 12. Bg5 Qf7 13. Bxf6 Qxf6 14. Rad1
Bd7 15. Rd2 Rae8 16. b3 Re7 17. Qh4 Nd8 18. Qxf6 gxf6 19. Nh4 f5 20. f4 1/2-1/2

[Event "SR 3. liga A2 2017/2018"]
[Site "?"]
[Date "2017.12.03"]
[Round "5.6"]
[White "Bisco, Igor"]
[Black "Doucha, Ludvig"]
[Result "1/2-1/2"]
[WhiteElo "2049"]
[BlackElo "1888"]
[PlyCount "23"]
[EventDate "2017.??.??"]

1. e4 e5 2. Nf3 d6 3. d4 exd4 4. Nxd4 g6 5. c3 Bg7 6. Bc4 Nf6 7. Nd2 O-O 8. O-O
Nc6 9. Nxc6 bxc6 10. Re1 Re8 11. f3 Be6 12. Bxe6 1/2-1/2

[Event "SR 3. liga A2 2017/2018"]
[Site "?"]
[Date "2017.12.03"]
[Round "5.6"]
[White "Bahna, Jan"]
[Black "Racik, Marek"]
[Result "0-1"]
[WhiteElo "1859"]
[BlackElo "1834"]
[PlyCount "86"]
[EventDate "2017.??.??"]

1. e4 e5 2. Nf3 Nc6 3. Bb5 Bc5 4. O-O Nf6 5. d3 d6 6. h3 O-O 7. c3 a6 8. Ba4 b5
9. Bc2 Ba7 10. a4 Bb7 11. b4 d5 12. Qe2 d4 13. Bd2 dxc3 14. Bxc3 Nd4 15. Nxd4
Bxd4 16. Qd2 Nh5 17. Bxd4 Qxd4 18. Qc3 Nf4 19. Qxd4 Ne2+ 20. Kh2 Nxd4 21. Na3
f5 22. f3 f4 23. Rfc1 Rad8 24. Bd1 c6 25. Kg1 Rf6 26. Kf2 g6 27. Nb1 Ne6 28.
Rc3 Rd4 29. axb5 cxb5 30. Nd2 Rxb4 31. Bb3 Kf8 32. Bxe6 Rxe6 33. Rac1 Rb2 34.
R1c2 Rxc2 35. Rxc2 Rc6 36. Rb2 Rc3 37. Ke2 Bc6 38. Nb3 b4 39. Kd2 Bb5 40. Nc1
a5 41. Rc2 Rxc2+ 42. Kxc2 Ba4+ 43. Kb2 Ke7 0-1

[Event "SR 3. liga A2 2017/2018"]
[Site "?"]
[Date "2017.12.03"]
[Round "5.6"]
[White "Cebo, Vladimir"]
[Black "Krist, Milan"]
[Result "1-0"]
[WhiteElo "1668"]
[BlackElo "1826"]
[PlyCount "81"]
[EventDate "2017.??.??"]

1. c4 c5 2. Nc3 Nc6 3. Nf3 Nf6 4. d4 cxd4 5. Nxd4 e6 6. Ndb5 d6 7. Bf4 e5 8.
Bg5 a6 9. Bxf6 gxf6 10. Na3 Be6 11. e3 Qb6 12. Qd2 O-O-O 13. Rb1 d5 14. Qc1 d4
15. exd4 exd4 16. Ne4 Be7 17. Bd3 Nb4 18. Qd1 Nxd3+ 19. Qxd3 Bb4+ 20. Ke2 Rhe8
21. Rhc1 Kb8 22. Kf1 Bf5 23. f3 Bg6 24. Nc2 Bf8 25. b4 Bh6 26. Rd1 Be3 27. b5
a5 28. Qe2 Bxe4 29. fxe4 Rxe4 30. Nxe3 Rxe3 31. Qh5 Re5 32. Qxh7 Qe6 33. Qc2
Rf5+ 34. Kg1 Qe3+ 35. Kh1 d3 36. Qc3 b6 37. h3 Qe2 38. Rd2 Qe4 39. Rbd1 Rc5 40.
Qxf6 Qe8 41. Qxb6+ 1-0

[Event "SR 3. liga A2 2017/2018"]
[Site "?"]
[Date "2017.12.03"]
[Round "5.6"]
[White "Holicky, Miroslav"]
[Black "Gajarsky, Roman"]
[Result "1/2-1/2"]
[WhiteElo "1732"]
[BlackElo "1797"]
[PlyCount "112"]
[EventDate "2017.??.??"]

1. e4 d5 2. exd5 Qxd5 3. Nc3 Qa5 4. Qf3 Nf6 5. d4 c6 6. Bd3 Na6 7. Qe2 Nb4 8.
Bc4 Bf5 9. Bb3 e6 10. Nf3 Bd6 11. O-O Qc7 12. a3 Nbd5 13. Nxd5 Nxd5 14. g3 Nf6
15. Nh4 Bh3 16. Re1 O-O 17. Bd2 Rad8 18. Ng2 Bg4 19. f3 Bh5 20. Nf4 Bxf4 21.
Bxf4 Qb6 22. Be3 Nd5 23. Bf2 a5 24. a4 Qb4 25. Ra3 Qd6 26. Raa1 Qb4 27. Ra3 Qd6
28. c3 Bg6 29. Raa1 Rd7 30. Rad1 Qe7 31. Qe5 Qd8 32. c4 Nb4 33. Qe2 Qg5 34. h4
Qd8 35. Kg2 h6 36. f4 Qc7 37. Rd2 Rfd8 38. Red1 b6 39. Qf3 c5 40. h5 Bh7 41.
Kh2 Qc6 42. d5 exd5 43. cxd5 Qa8 44. g4 Qa6 45. f5 Qa8 46. Bh4 f6 47. g5 hxg5
48. Bxg5 fxg5 49. f6 Qb8+ 50. Kg1 Qf4 51. fxg7 Kxg7 52. Qc3+ Kh6 53. Rf1 Qg4+
54. Kh2 Qh4+ 55. Kg1 Qg4+ 56. Kh2 Qh4+ 1/2-1/2

[Event "SR 3. liga A2 2017/2018"]
[Site "?"]
[Date "2017.12.03"]
[Round "5.6"]
[White "Barca, Michal"]
[Black "Klanica, Anton"]
[Result "1/2-1/2"]
[WhiteElo "1760"]
[BlackElo "1749"]
[PlyCount "111"]
[EventDate "2017.??.??"]

1. c4 Nf6 2. Nc3 g6 3. Nf3 Bg7 4. g3 d6 5. d4 O-O 6. Bg2 c6 7. O-O Bg4 8. Re1
Bxf3 9. Bxf3 Nbd7 10. e4 e5 11. d5 c5 12. a3 a6 13. Be3 Qc7 14. Rb1 Rfb8 15.
Qe2 b6 16. Rec1 Rb7 17. Na2 Kh8 18. Rc2 Ng8 19. Bg4 Ndf6 20. Bd2 Nxg4 21. Qxg4
Nf6 22. Qe2 Rab8 23. b4 Qd7 24. Kg2 Ng8 25. Rcb2 Bh6 26. Bxh6 Nxh6 27. Rb3 Kg7
28. Qb2 Qc7 29. bxc5 Qxc5 30. Rc1 a5 31. Rb5 Qc7 32. Qe2 Rc8 33. f4 Qe7 34. Nc3
f5 35. fxe5 Qxe5 36. exf5 Qxe2+ 37. Nxe2 Nxf5 38. Rb3 g5 39. g4 Nh4+ 40. Kg1
Ng6 41. Rcb1 Rxc4 42. Rxb6 Rxb6 43. Rxb6 Rxg4+ 44. Kf2 Rh4 45. Kg3 Ra4 46. Rxd6
Ne5 47. Kg2 Nf7 48. Re6 Rxa3 49. Nd4 Rd3 50. Nf5+ Kf8 51. d6 Rd5 52. Rf6 Rd2+
53. Kg3 Kg8 54. Re6 Kf8 55. Rf6 Kg8 56. Re6 1/2-1/2

[Event "SR 3. liga A2 2017/2018"]
[Site "?"]
[Date "2017.12.03"]
[Round "5.6"]
[White "Suchan, Jozef"]
[Black "Janas, Peter"]
[Result "0-1"]
[WhiteElo "1762"]
[BlackElo "1751"]
[PlyCount "86"]
[EventDate "2017.??.??"]

1. d4 Nf6 2. c4 e6 3. Nf3 b6 4. e3 Bb7 5. Be2 Bb4+ 6. Nc3 O-O 7. O-O Ne4 8. Qc2
f5 9. a3 Bxc3 10. bxc3 Ng5 11. Qd1 Nxf3+ 12. Bxf3 Bxf3 13. Qxf3 Nc6 14. a4 Na5
15. Ba3 Rf7 16. c5 Nc4 17. cxb6 Nd2 18. Qe2 Nxf1 19. b7 Rb8 20. Rb1 Nxh2 21.
Kxh2 Qh4+ 22. Kg1 Qe4 23. Qb5 f4 24. Bc5 fxe3 25. f3 Qh4 26. Qe2 Rf5 27. Rb4 a5
28. Ba7 Qf4 29. Bxb8 axb4 30. Ba7 Rh5 31. b8=Q+ Kf7 32. g4 Qg3+ 33. Qg2 Qe1+
34. Qf1 Rh1+ 35. Kxh1 Qxf1+ 36. Kh2 Qf2+ 37. Kh3 Qxf3+ 38. Kh2 Qf4+ 39. Kh3 e2
40. Qd8 Qf3+ 41. Kh2 Qf4+ 42. Kh3 e1=Q 43. Qxd7+ Kg6 0-1

[Event "SR 3. liga A2 2017/2018"]
[Site "?"]
[Date "2017.12.17"]
[Round "6.1"]
[White "Sosna, Jan"]
[Black "Sturdik, Igor"]
[Result "1-0"]
[WhiteElo "2333"]
[BlackElo "1966"]
[PlyCount "83"]
[EventDate "2017.??.??"]

1. d4 Nf6 2. Nf3 c5 3. d5 e6 4. Nc3 exd5 5. Nxd5 Nxd5 6. Qxd5 Nc6 7. e4 Be7 8.
Bc4 O-O 9. c3 d6 10. O-O Be6 11. Qd3 Bxc4 12. Qxc4 Ne5 13. Nxe5 dxe5 14. Be3
Qc7 15. Rfd1 Rfd8 16. b4 b6 17. bxc5 Bxc5 18. Bxc5 Qxc5 19. Qxc5 bxc5 20. Kf1
Kf8 21. Ke2 Ke7 22. Rab1 Rxd1 23. Kxd1 Rd8+ 24. Kc2 Rd7 25. Rb5 Kd6 26. Kb3 Kc6
27. Kc4 Rd2 28. Rxc5+ Kb6 29. Rb5+ Kc6 30. Rc5+ Kb6 31. Rxe5 Rxf2 32. Rg5 g6
33. a4 f6 34. Rg3 Re2 35. Kd3 Ra2 36. Rh3 Rxa4 37. Rxh7 Ra2 38. g3 Kc5 39. Rf7
Ra6 40. h4 Rd6+ 41. Ke3 Re6 42. Rxa7 1-0

[Event "SR 3. liga A2 2017/2018"]
[Site "?"]
[Date "2017.12.17"]
[Round "6.1"]
[White "Mosny, Jaroslav"]
[Black "Kucharek, Jaroslav"]
[Result "1/2-1/2"]
[WhiteElo "1894"]
[BlackElo "2044"]
[PlyCount "78"]
[EventDate "2017.??.??"]

1. d4 d5 2. Bf4 Nf6 3. c4 e6 4. e3 Be7 5. Nc3 O-O 6. Bd3 dxc4 7. Bxc4 c5 8.
dxc5 Bxc5 9. Nf3 a6 10. O-O b5 11. Qxd8 Rxd8 12. Rfd1 Rxd1+ 13. Rxd1 Nc6 14.
Bd3 Be7 15. Ne5 Bb7 16. Nxc6 Bxc6 17. Kf1 Rd8 18. Bc2 Rxd1+ 19. Bxd1 Kf8 20. f3
Ke8 21. Bc2 Kd7 22. Ke1 h6 23. Kd2 Ne8 24. Be4 f6 25. Bxc6+ Kxc6 26. e4 g5 27.
Bg3 Ng7 28. Bf2 Ne8 29. Kd3 Bd6 30. h3 Be5 31. Bd4 Kd6 32. Ne2 h5 33. g4 hxg4
34. hxg4 Nc7 35. b4 Bxd4 36. Kxd4 e5+ 37. Kd3 Ne6 38. Ke3 Kc6 39. Kd3 Kd6
1/2-1/2

[Event "SR 3. liga A2 2017/2018"]
[Site "?"]
[Date "2017.12.17"]
[Round "6.1"]
[White "Stanec, Stanislav"]
[Black "Doucha, Ludvig"]
[Result "1-0"]
[WhiteElo "2030"]
[BlackElo "1888"]
[PlyCount "79"]
[EventDate "2017.??.??"]

1. d4 Nf6 2. c4 c5 3. d5 e5 4. Nc3 d6 5. e4 g6 6. Be2 Bg7 7. Nf3 O-O 8. O-O a6
9. Bd2 Nh5 10. Qc1 Nd7 11. h3 Nf4 12. Bxf4 exf4 13. Qxf4 Ne5 14. Qd2 Nxf3+ 15.
Bxf3 Qh4 16. Qd3 Be5 17. Rfd1 f5 18. Rd2 fxe4 19. Nxe4 Bd7 20. Re1 Rf7 21. Nxc5
Bxh3 22. Rxe5 dxe5 23. gxh3 Raf8 24. Bg2 Rxf2 25. Ne6 R8f3 26. Qc2 Rxd2 27.
Qxd2 Qg3 28. Qg5 Qxg5 29. Nxg5 Rd3 30. Ne4 b6 31. b4 Rd4 32. c5 Rxb4 33. c6 Kf8
34. d6 Ke8 35. Nf6+ Kd8 36. c7+ Kc8 37. Bc6 Rc4 38. Bd5 Rc5 39. Be6+ Kb7 40.
Ne8 1-0